इसे छोड़कर सामग्री पर बढ़ने के लिए

Проектирование железобетонных конструкций с использованием программного комплекса ЛИРА учебное пособие

Приведены расчеты железобетонных конструкций с использованием программного комплекса ЛИРА. Подробно описаны возможности данного комплекса, даны рекомендации по конструированию железобетонных конструкций, что должно помочь студентам самостоятельно выполнять компьютерные расчеты в рамках курсового и д...

पूर्ण विवरण

में बचाया:
ग्रंथसूची विवरण
मुख्य लेखक: Малахова А. Н.
अन्य लेखक: Мухин М. А.
स्वरूप: Книга
भाषा:Russian
प्रकाशित: Москва МИСИ – МГСУ 2016
संस्करण:2-е изд.
ऑनलाइन पहुंच:https://e.lanbook.com/book/91925
https://e.lanbook.com/img/cover/book/91925.jpg
टैग : टैग जोड़ें
कोई टैग नहीं, इस रिकॉर्ड को टैग करने वाले पहले व्यक्ति बनें!
LEADER 02051nam0a2200289 i 4500
001 91925
003 RuSpLAN
005 20221220173957.0
008 221220s2016 ru gs 000 0 rus
020 |a 978-5-7264-1378-5 
040 |a RuSpLAN 
041 0 |a rus 
044 |a ru 
080 |a 624.012.3 
084 |a 38.626.1  |2 rubbk 
245 0 0 |a Проектирование железобетонных конструкций с использованием программного комплекса ЛИРА  |b учебное пособие  |c Малахова А. Н.,Мухин М. А. 
250 |a 2-е изд. 
260 |a Москва  |b МИСИ – МГСУ  |c 2016 
300 |a 120 с. 
504 |a Библиогр.: доступна в карточке книги, на сайте ЭБС Лань 
520 8 |a Приведены расчеты железобетонных конструкций с использованием программного комплекса ЛИРА. Подробно описаны возможности данного комплекса, даны рекомендации по конструированию железобетонных конструкций, что должно помочь студентам самостоятельно выполнять компьютерные расчеты в рамках курсового и дипломного проектирования. Для студентов бакалавриата, обучающихся по направлению подготовки 08.03.01 Строительство, профиль «Промышленное и гражданское строительство». 
521 8 |a Книга из коллекции МИСИ – МГСУ - Инженерно-технические науки 
100 1 |a Малахова А. Н. 
700 1 |a Мухин М. А. 
856 4 |u https://e.lanbook.com/book/91925 
856 4 8 |u https://e.lanbook.com/img/cover/book/91925.jpg 
953 |a https://e.lanbook.com/img/cover/book/91925.jpg